000 00326nam a22001457a 4500
008 211018b ||||| |||| 00| 0 eng d
020 _a9780314044693
041 _aeng
080 _a330.722.6
082 _a330.722.6
100 _a61
101 _aKF
245 _aIntermediate Accounting
_cHartman,B.P
942 _2udc
_cBK
999 _c58244
_d58244